Innovative approaches to health psychology : prevention and treatment lessons and aids

Αποθηκεύτηκε σε:
Λεπτομέρειες βιβλιογραφικής εγγραφής
Άλλοι συγγραφείς: Chesney, Margaret A. (Επιμελητής έκδοσης), Antoni, Michael H. (Επιμελητής έκδοσης)
Μορφή: Βιβλίο
Γλώσσα:English
Δημοσίευση: Washington, DC : American Psychological Association, 2002
Σειρά:Application and practice in health psychology
Θέματα:
Ετικέτες: Προσθήκη ετικέτας
Δεν υπάρχουν, Καταχωρήστε ετικέτα πρώτοι!

MARC

LEADER 00000nam a2200000 i 4500
001 1/40658
008 030915s2002 eng d
020 |a 1-55798-913-3 
035 |l 10070848 
040 |a GR-MY-UA  |b gre  |e aacr 
041 0 |a eng 
082 0 |a 616.0019 
245 1 0 |a Innovative approaches to health psychology :  |b prevention and treatment lessons and aids /  |c edited by Margaret A. Chesney, Michael H. Antoni 
260 |a Washington, DC :   |b American Psychological Association,   |c 2002 
300 |a 340 p. 
490 1 |a Application and practice in health psychology 
504 |a Includes bibliographical references and index 
650 0 0 |a Clinical health psychology. 
650 0 0 |a AIDS (Disease)  |x Prevention. 
650 0 0 |a AIDS (Disease)  |x Social aspects. 
700 1 |a Chesney, Margaret A.  |4 edt 
700 1 |a Antoni, Michael H.  |4 edt 
830 0 |a Application and practice in health psychology 
852 |a INST  |b RHODES  |e 20030915  |h 616.0019 INN  |p 005400020117  |q 005400020117  |t BK  |y 0 
901 |a BIBL4-2003-3 
909 |a Ρ  |b 105953 
922 |a 4ΕΛΗ  |b 200308  |c ΕΠΕΑΕΚ2/ΤΕΠΑΕΣ  |d ΠΑΠΑΣΩΤΗΡΙΟΥ 
950 |a 096-2003-06-24 
970 |a ΚΟΥΛΑΚΙΟΤΗ  |b ΛΙΤΣΑ  |z 2003/09/15